Normal view
MARC view
Entry Personal Name
001 - CONTROL NUMBER
- control field: 47969
003 - CONTROL NUMBER IDENTIFIER
- control field: ARRUPE
005 - DATE AND TIME OF LATEST TRANSACTION
- control field: 20190828102015.0
008 - FIXED-LENGTH DATA ELEMENTS
- fixed length control field: 190828|| aca||aabn | a|a d
040 ## - CATALOGING SOURCE
- Original cataloging agency: ARRUPE
- Transcribing agency: ARRUPE
100 ## - HEADING--PERSONAL NAME
- Personal name: Hill, Michael J.
- Fuller form of name: (Michael James),
- Dates associated with a name: 1937-
670 ## - SOURCE DATA FOUND
- Source citation: Work cat.: (ARRUPE)0: Hill, Michael J. (Michael James), 1937-, Understanding social policy /, 2000.